| 000 | 00590nam a2200193 i 4500 | ||
|---|---|---|---|
| 001 | 89553 | ||
| 003 | ES-MaACL | ||
| 005 | 20250415213638.0 | ||
| 007 | t| | ||
| 008 | 050111s1970 sp ||||1| spa d | ||
| 100 | 1 |
_aLasch, Christopher. _970430 |
|
| 245 | 1 | 3 |
_aLa agonía de la izquierda norteamericana / _cChristopher Lasch ; traducción de Manuel Sacristán. |
| 250 | _a[1ª ed.]. | ||
| 260 |
_aBarcelona : _bGrijalbo, _c1970. |
||
| 300 |
_a193 p. ; _c20 cm. |
||
| 700 | 1 |
_aSacristán, Manuel, _d1925-1985 _9101268 |
|
| 852 |
_aES-MaACL _jC-48101 _bR.74069 |
||
| 999 |
_c89553 _d89553 |
||